00917nam a2200217 a 450000100100000000500170001000800410002704000250006808200150009310000500010824500590015826000560021730000210027349000450029459000750033965000220041483000520043691000370048895201570052599900170068200003496820240510073817.0111024s1959 ve 000 0 spa d aDO-SdBNPbspacBNPHU a100bG216e1 aGarcía Bacca, Juan David,d1901-199292362910aElementos de filosofía /cJuan David García Bacca. aCaracas :bUniversidad Central de Venezuela,c1959. a130 p. ;c17 cm.0 aBiblioteca de cultura universitaria ;v1 aPerteneció a la biblioteca personal de Juan Isidro Jimenes Grullón20aFilosofía 9813 0aBiblioteca de cultura universitaria ;n1960563 aValidado. Control de calidad MFF 001050718MOaGRbGRcHDd2011-10-24iLF1l0o100 G216ep34968-10r2020-06-25w2020-06-25y1zBiblioteca Juan Isidro Jiménes GrullónZNo se presta c34459d34459